Sports Quiz

Random Sports or WWE Quiz

The Hardy Boyz: Individual Title Runs Quiz Stats

 Plays Quiz not verified by Sporcle

Challenge
Share
Tweet
Embed
Score 0/11 Timer 02:00
0 Plays Today
Hardy Boyz % Correct
WWE Championship 1xJeff
100%
ECW Championship 1xMatt
98.9%
World Heavyweight Championship 2xJeff
98.6%
WWF Light Heavyweight Championship 1xJeff
97.5%
WWE Cruiserweight Championship 1xMatt
97.5%
WWE United States Championship 1xMatt
97.5%
WWE Intercontinental Championship 4xJeff
97.5%
WWE European Championship 1xMatt
97.5%
WWE Hardcore Championship 1xMatt
97.1%
WWE Hardcore Championship 4xJeff
97.1%
As A Tag-Team How Many Times Did They Win The World Tag-Team Championship? Put Number With An X, X Meaning How Many Times They Won The Title6x
63.1%

You're not logged in!

Compare scores with friends on all Sporcle quizzes.
Join for Free
OR
Log In

You Might Also Like...

Show Comments

Extras

Created Apr 30, 2016ReportFavoriteNominate
Tags:WWE Quiz

Top Quizzes Today


Score Distribution

Your Account Isn't Verified!

In order to create a playlist on Sporcle, you need to verify the email address you used during registration. Go to your Sporcle Settings to finish the process.

Report this User

Report this user for behavior that violates our Community Guidelines.

Details: